<?xml version="1.0" encoding="UTF-8"?>
<record
    xmlns:xsi="http://www.w3.org/2001/XMLSchema-instance"
    xsi:schemaLocation="http://www.loc.gov/MARC21/slim http://www.loc.gov/standards/marcxml/schema/MARC21slim.xsd"
    xmlns="http://www.loc.gov/MARC21/slim">

  <leader>01464nam2a2200301   4500</leader>
  <controlfield tag="001">RU\NLR\bibl\995373</controlfield>
  <controlfield tag="005">20250614222615.0</controlfield>
  <datafield tag="010" ind1=" " ind2=" ">
    <subfield code="a">5-98176-363-X</subfield>
    <subfield code="9">300</subfield>
  </datafield>
  <datafield tag="021" ind1=" " ind2=" ">
    <subfield code="a">RU</subfield>
    <subfield code="b">2006-48883</subfield>
    <subfield code="9">2425</subfield>
  </datafield>
  <datafield tag="035" ind1=" " ind2=" ">
    <subfield code="a">(NLR Aleph) 000983142</subfield>
  </datafield>
  <datafield tag="090" ind1=" " ind2=" ">
    <subfield code="a">471900</subfield>
    <subfield code="c">471900</subfield>
  </datafield>
  <datafield tag="100" ind1=" " ind2=" ">
    <subfield code="a">20061011d2006    |||y0rusy50      ca</subfield>
  </datafield>
  <datafield tag="101" ind1="0" ind2=" ">
    <subfield code="a">rus</subfield>
  </datafield>
  <datafield tag="102" ind1=" " ind2=" ">
    <subfield code="a">RU</subfield>
  </datafield>
  <datafield tag="105" ind1=" " ind2=" ">
    <subfield code="a">y   |||||||||</subfield>
  </datafield>
  <datafield tag="200" ind1="1" ind2=" ">
    <subfield code="a">&#x42F;&#x434;&#x435;&#x440;&#x43D;&#x430;&#x44F; &#x444;&#x438;&#x437;&#x438;&#x43A;&#x430;. &#x424;&#x438;&#x437;&#x438;&#x43A;&#x430; &#x43A;&#x43E;&#x43D;&#x434;&#x435;&#x43D;&#x441;&#x438;&#x440;&#x43E;&#x432;&#x430;&#x43D;&#x43D;&#x44B;&#x445; &#x441;&#x440;&#x435;&#x434;</subfield>
  </datafield>
  <datafield tag="210" ind1=" " ind2=" ">
    <subfield code="d">2006</subfield>
    <subfield code="a">&#x411;. &#x43C;.</subfield>
  </datafield>
  <datafield tag="215" ind1=" " ind2=" ">
    <subfield code="a">598 &#x441;.</subfield>
  </datafield>
  <datafield tag="320" ind1=" " ind2=" ">
    <subfield code="a">&#x418;&#x43C;&#x435;&#x43D;. &#x443;&#x43A;&#x430;&#x437;.: &#x441;. 573-594</subfield>
  </datafield>
  <datafield tag="461" ind1=" " ind2="0">
    <subfield code="1">001RU\NLR\bibl\1005091</subfield>
    <subfield code="1">2001#$a&#x424;&#x438;&#x437;&#x438;&#x43A;&#x430; &#x438; &#x430;&#x441;&#x442;&#x440;&#x43E;&#x43D;&#x43E;&#x43C;&#x438;&#x44F;$v... &#x432; 2004 &#x433;&#x43E;&#x434;&#x443;, &#x447;. 1</subfield>
    <subfield code="9">529248</subfield>
    <subfield code="c">&#x41C;&#x43E;&#x441;&#x43A;&#x432;&#x430;</subfield>
    <subfield code="d">2006</subfield>
    <subfield code="f">&#x420;&#x43E;&#x441;. &#x444;&#x43E;&#x43D;&#x434; &#x444;&#x443;&#x43D;&#x434;&#x430;&#x43C;. &#x438;&#x441;&#x441;&#x43B;&#x435;&#x434;.</subfield>
    <subfield code="n">&#x41D;&#x430;&#x443;&#x447;&#x43D;&#x44B;&#x439; &#x43C;&#x438;&#x440;</subfield>
    <subfield code="o">&#x431;&#x438;&#x431;&#x43B;&#x438;&#x43E;&#x433;&#x440;&#x430;&#x444;&#x438;&#x447;&#x435;&#x441;&#x43A;&#x438;&#x439; &#x441;&#x43F;&#x440;&#x430;&#x432;&#x43E;&#x447;&#x43D;&#x438;&#x43A; : &#x43F;&#x443;&#x431;&#x43B;&#x438;&#x43A;&#x430;&#x446;&#x438;&#x438; &#x43F;&#x43E; &#x43F;&#x440;&#x43E;&#x435;&#x43A;&#x442;&#x430;&#x43C; &#x420;&#x424;&#x424;&#x418;, &#x437;&#x430;&#x432;&#x435;&#x440;&#x448;&#x435;&#x43D;&#x43D;&#x44B;&#x43C; ...</subfield>
    <subfield code="t">&#x424;&#x438;&#x437;&#x438;&#x43A;&#x430; &#x438; &#x430;&#x441;&#x442;&#x440;&#x43E;&#x43D;&#x43E;&#x43C;&#x438;&#x44F;</subfield>
    <subfield code="v">... &#x432; 2004 &#x433;&#x43E;&#x434;&#x443;, &#x447;. 1</subfield>
  </datafield>
  <datafield tag="517" ind1="0" ind2=" ">
    <subfield code="a">&#x424;&#x438;&#x437;&#x438;&#x43A;&#x430; &#x43A;&#x43E;&#x43D;&#x434;&#x435;&#x43D;&#x441;&#x438;&#x440;&#x43E;&#x432;&#x430;&#x43D;&#x43D;&#x44B;&#x445; &#x441;&#x440;&#x435;&#x434;</subfield>
  </datafield>
  <datafield tag="606" ind1="1" ind2=" ">
    <subfield code="a">&#x42F;&#x434;&#x435;&#x440;&#x43D;&#x430;&#x44F; &#x444;&#x438;&#x437;&#x438;&#x43A;&#x430;</subfield>
    <subfield code="j">&#x411;&#x438;&#x431;&#x43B;&#x438;&#x43E;&#x433;&#x440;&#x430;&#x444;&#x438;&#x44F;</subfield>
    <subfield code="9">1036345</subfield>
    <subfield code="3">RU\NLR\auth\6680492</subfield>
  </datafield>
  <datafield tag="606" ind1="1" ind2=" ">
    <subfield code="a">&#x41A;&#x43E;&#x43D;&#x434;&#x435;&#x43D;&#x441;&#x438;&#x440;&#x43E;&#x432;&#x430;&#x43D;&#x43D;&#x43E;&#x435; &#x441;&#x43E;&#x441;&#x442;&#x43E;&#x44F;&#x43D;&#x438;&#x435; &#x432;&#x435;&#x449;&#x435;&#x441;&#x442;&#x432;&#x430;</subfield>
    <subfield code="j">&#x411;&#x438;&#x431;&#x43B;&#x438;&#x43E;&#x433;&#x440;&#x430;&#x444;&#x438;&#x44F;</subfield>
    <subfield code="x">&#x424;&#x438;&#x437;&#x438;&#x447;&#x435;&#x441;&#x43A;&#x438;&#x435; &#x441;&#x432;&#x43E;&#x439;&#x441;&#x442;&#x432;&#x430;</subfield>
    <subfield code="9">1366005</subfield>
    <subfield code="3">RU\NLR\auth\66571922</subfield>
  </datafield>
  <datafield tag="801" ind1=" " ind2="0">
    <subfield code="a">RU</subfield>
    <subfield code="b">NLR</subfield>
    <subfield code="c">20061011</subfield>
    <subfield code="g">rcr</subfield>
  </datafield>
  <datafield tag="801" ind1=" " ind2="1">
    <subfield code="a">RU</subfield>
    <subfield code="b">NLR</subfield>
    <subfield code="c">20061011</subfield>
  </datafield>
  <datafield tag="942" ind1=" " ind2=" ">
    <subfield code="c">BOOK</subfield>
  </datafield>
  <datafield tag="980" ind1=" " ind2=" ">
    <subfield code="a">NB</subfield>
  </datafield>
  <datafield tag="995" ind1=" " ind2=" ">
    <subfield code="5">2006-10-11</subfield>
    <subfield code="a">ad</subfield>
    <subfield code="b">NLR01</subfield>
    <subfield code="c">NLR01</subfield>
    <subfield code="e">CSB</subfield>
    <subfield code="f">1-1112149</subfield>
    <subfield code="k">&#x421; 2006-2/463</subfield>
    <subfield code="o">0</subfield>
    <subfield code="r">BOOK</subfield>
    <subfield code="s">_20062463</subfield>
  </datafield>
  <datafield tag="995" ind1=" " ind2=" ">
    <subfield code="5">2006-10-11</subfield>
    <subfield code="a">ad</subfield>
    <subfield code="b">NLR01</subfield>
    <subfield code="c">NLR01</subfield>
    <subfield code="e">CSB</subfield>
    <subfield code="f">1-1112153</subfield>
    <subfield code="k">&#x421; 2006-2/463</subfield>
    <subfield code="o">0</subfield>
    <subfield code="r">BOOK</subfield>
    <subfield code="s">_20062463</subfield>
  </datafield>
</record>
